The Unified Modeling language user guide/ (Record no. 173995)

MARC details
000 -LEADER
fixed length control field 00706nam a22002297a 4500
005 - DATE AND TIME OF LATEST TRANSACTION
control field 20200313150705.0
010 ## - LCCN (DPL NO)
LC control number ENG-128029
020 ## - INTERNATIONAL STANDARD BOOK NUMBER
International Standard Book Number 9789332551619
Terms of availability 850.00
035 ## - SYSTEM CONTROL NUMBER
System control number EN-111561
037 ## - SOURCE OF ACQUISITION
Source of stock number/acquisition DBAD/PUB
082 ## - DEWEY DECIMAL CLASSIFICATION NUMBER
Classification number 005.117
100 ## - MAIN ENTRY--PERSONAL NAME
Personal name Booch,Grady
245 ## - TITLE STATEMENT
Title The Unified Modeling language user guide/
Statement of responsibility, etc by Grady Booch, James Rumbaugh [and] Ivar Jacobson
250 ## - EDITION STATEMENT
Edition statement 2nd.
260 ## - PUBLICATION, DISTRIBUTION, ETC. (IMPRINT)
Place of publication, distribution, etc Noida
Name of publisher, distributor, etc Pearson
Date of publication, distribution, etc 2020
270 ## - ADDRESS
Address 15th floor,Tower-B,World Trade Tower,plot no.1,Block-c,sector 16
City Noida
Postal code 201301
300 ## - PHYSICAL DESCRIPTION
Extent x;431p.
Dimensions 24cm(pbk)
500 ## - GENERAL NOTE
General note includes index
700 ## - ADDED ENTRY--PERSONAL NAME
Personal name Rumbaugh,James
700 ## - ADDED ENTRY--PERSONAL NAME
Personal name Jacobson,Ivar
942 ## - ADDED ENTRY ELEMENTS (KOHA)
Source of classification or shelving scheme Dewey Decimal Classification
Item type English Books
Classification part 005.117
Call number suffix BOO
Holdings
Withdrawn status Lost status Not for loan Collection code Home library Current library Date acquired Source of acquisition Cost, normal purchase price Full call number Barcode Copy number Cost, replacement price Koha item type
      Non-fiction Central Library Central Library 13/03/2020 DBAD/PUB 850.00 005.117 BOO EN-111561 1 850.00 English Books

© Delhi Public Library
Hit Counter
free hit counter